Zákony 2000 úplné znenie
Na minha lista:
| Formato: | Livro |
|---|---|
| Idioma: | eslovaco |
| Publicado em: |
Žilina
PORADCA
[2000]
|
| Assuntos: | |
| Tags: |
Sem tags, seja o primeiro a adicionar uma tag!
|
MARC
| LEADER | 00000nam a2200000 4500 | ||
|---|---|---|---|
| 001 | c123893 | ||
| 005 | 20221108084122.5 | ||
| 022 | |a 1335-6127 | ||
| 041 | 0 | |a slo | |
| 044 | |a SK | ||
| 245 | 1 | 0 | |a Zákony 2000 |b úplné znenie |
| 264 | 1 | |a Žilina |b PORADCA |c [2000] | |
| 300 | |a 32 s. | ||
| 610 | 2 | 0 | |a legislatíva |
| 610 | 2 | 0 | |a predpisy právne |
| 610 | 2 | 0 | |a tarify mzdové |
| 610 | 2 | 0 | |a mzdy |
| 610 | 2 | 0 | |a dôchodky |
| 610 | 2 | 0 | |a poistenie |
| 610 | 2 | 0 | |a Slovensko |
| 610 | 2 | 0 | |a 2000 |
| 610 | 2 | 0 | |a čas voľný |